000 00421nam a22001817a 4500
003 CEME
005 20210628202610.0
008 210119b xxu||||| |||| 00| 0 eng d
020 _a0-670-87011-0
040 _cceme
082 _a082 EDW
100 _aEdward De Bobo's
_960669
245 _aTextbook of wisdom
260 _aNEW YORK
_bVIKING
_c1996
300 _a278 P
650 _aWISDOM
_960670
942 _cBK
_2ddc
999 _c570347
_d570347